All Johto Pokemon - Statistics

General Stats
  • This quiz has been taken 30 times
  • The average score is 60 of 100
Answer Stats
Hint Answer % Correct
#153 Bayleef
100%
#152 Chikorita
100%
#160 Feraligatr
100%
#163 Hoothoot
100%
#154 Meganium
100%
#158 Totodile
100%
#159 Croconaw
94%
#155 Cyndaquil
89%
#162 Furret
89%
#164 Noctowl
89%
#156 Quilava
89%
#161 Sentret
89%
#157 Typhlosion
89%
#244 Entei
83%
#250 Ho-Oh
83%
#249 Lugia
83%
#243 Raikou
83%
#245 Suicune
83%
#175 Togepi
83%
#176 Togetic
83%
#167 Spinarak
78%
#168 Ariados
72%
#173 Cleffa
72%
#169 Crobat
72%
#174 Igglybuff
72%
#246 Larvitar
72%
#172 Pichu
72%
#248 Tyranitar
72%
#181 Ampharos
67%
#251 Celebi
67%
#170 Chinchou
67%
#196 Espeon
67%
#166 Ledian
67%
#183 Marill
67%
#247 Pupitar
67%
#195 Quagsire
67%
#197 Umbreon
67%
#184 Azumarill
61%
#242 Blissey
61%
#239 Elekid
61%
#180 Flaaffy
61%
#203 Girafarig
61%
#171 Lanturn
61%
#165 Ledyba
61%
#240 Magby
61%
#179 Mareep
61%
#200 Misdreavus
61%
#208 Steelix
61%
#201 Unown
61%
#194 Wooper
61%
#230 Kingdra
56%
#212 Scizor
56%
#199 Slowking
56%
#238 Smoochum
56%
#185 Sudowoodo
56%
#236 Tyrogue
56%
#193 Yanma
56%
#205 Forretress
50%
#237 Hitmontop
50%
#177 Natu
50%
#224 Octillery
50%
#186 Politoed
50%
#223 Remoraid
50%
#192 Sunflora
50%
#191 Sunkern
50%
#216 Teddiursa
50%
#178 Xatu
50%
#182 Bellossom
44%
#222 Corsola
44%
#232 Donphan
44%
#206 Dunsparce
44%
#214 Heracross
44%
#187 Hoppip
44%
#229 Houndoom
44%
#228 Houndour
44%
#189 Jumpluff
44%
#226 Mantine
44%
#241 Miltank
44%
#198 Murkrow
44%
#188 Skiploom
44%
#235 Smeargle
44%
#234 Stantler
44%
#217 Ursaring
44%
#190 Aipom
39%
#225 Delibird
39%
#207 Gligar
39%
#219 Magcargo
39%
#231 Phanpy
39%
#204 Pineco
39%
#227 Skarmory
39%
#218 Slugma
39%
#220 Swinub
39%
#202 Wobbufet
39%
#221 Piloswine
33%
#233 Porygon2
33%
#215 Sneasel
33%
#210 Granbull
28%
#211 Qwilfish
28%
#213 Shuckle
28%
#209 Snubbul
22%
No matching quizzes found
Score Distribution
Percent of People with Each Score
Percentile by Number Answered
Your Score History
You have not taken this quiz